Les chiffres du Clavier ? (difficile) - Statistiques

Statistiques générales
  • Ce quiz a été pris 452 fois
  • Le résultat moyen est 24 sur 31
Statistiques - réponses
Réponse % Correct
1
100%
2
99%
3
98%
4
98%
5
97%
6
97%
7
97%
8
97%
9
96%
11
91%
12
90%
13
88%
14
87%
10
86%
15
85%
16
80%
0
79%
17
79%
18
78%
19
77%
20
71%
21
68%
22
61%
23
58%
24
55%
25
52%
26
49%
27
44%
28
41%
29
38%
30
29%
Aucun quiz correspondant
Distribution des résultats
% des personnes avec chaque résultat
Percentile par nombre de réponses
Votre historique - résultats
Vous n’avez pas pris ce quiz